[Event "British KO-ch Pre 2019"]
[Site "London"]
[Date "2019.11.30"]
[Round "2.7"]
[White "Taylor, Adam C"]
[Black "Claridge-Hansen, William"]
[Result "0-1"]
[WhiteElo "2371"]
[BlackElo "2290"]
[Annotator "NA"]
[PlyCount "220"]
[EventDate "2019.11.30"]
[EventType "k.o."]
[EventCountry "ENG"]
[SourceTitle "playchess.com"]
[Source "ChessBase"]
[SourceQuality "1"]
[TimeControl "600+5"]

1. Nf3 {[%emt 0:00:00]} c5 {[%emt 0:00:00]} 2. g3 {[%emt 0:00:01]} g6 {[%emt 0:00:01]} 3. Bg2 {[%emt 0:00:01]} Bg7 {[%emt 0:00:00]} 4. O-O {[%emt 0:00:02]} Nc6 {[%emt 0:00:03]} 5. c4 {[%emt 0:00:02]} d6 {[%emt 0:00:12]} 6. Nc3 {[%emt 0:00:11]} e5 {[%emt 0:00:02]} 7. Ne1 {[%emt 0:00:08]} Be6 {[%emt 0:00:05]} 8. Nd5 {[%emt 0:00:09]} Rb8 {[%emt 0:00:21]} 9. a4 {[%emt 0:00:06]} Nge7 {[%emt 0:00:10]} 10. Nc2 {[%emt 0:00:02]} O-O {[%emt 0:00:14]} 11. Rb1 {[%emt 0:00:10]} Qd7 {[%emt 0:02:02]} 12. b4 {[%emt 0:00:32]} b6 {[%emt 0:00:01]} 13. b5 {[%emt 0:00:36]} Nd4 {[%emt 0:00:41]} 14. Nxe7+ {[%emt 0:00:10]} Qxe7 {[%emt 0:00:02]} 15. Ne3 {[%emt 0:00:01]} Qd7 {[%emt 0:00:31]} 16. Nd5 {[%emt 0:00:14]} Bh3 {[%emt 0:00:54]} 17. e3 {[%emt 0:02:01]} Bxg2 {[%emt 0:00:03]} 18. Kxg2 {[%emt 0:00:01]} Ne6 {[%emt 0:00:32]} 19. f4 {[%emt 0:00:31]} f5 {[%emt 0:00:43]} 20. d3 {[%emt 0:00:46]} Nc7 {[%emt 0:00:33]} 21. Qf3 {[%emt 0:00:01]} Rbe8 {[%emt 0:00:34]} 22. a5 {[%emt 0:00:58]} e4 {[%emt 0:00:56]} 23. dxe4 {[%emt 0:01:00]} Rxe4 {[%emt 0:00:02]} 24. Rd1 {[%emt 0:00:05]} Rfe8 {[%emt 0:00:32]} 25. axb6 {[%emt 0:02:02]} Nxd5 {[%emt 0:00:05]} 26. Rxd5 {[%emt 0:00:05]} axb6 {[%emt 0:00:04]} 27. Qd1 {[%emt 0:01:02]} Rxc4 {[%emt 0:00:58]} 28. Rxd6 {[%emt 0:00:11]} Qb7+ {[%emt 0:00:14]} 29. Kh3 {[%emt 0:00:20]} Qe4 {[%emt 0:00:23]} 30. Rd7 {[%emt 0:00:51]} Rc2 {[%emt 0:00:38]} 31. Qd5+ {[%emt 0:00:08]} Qxd5 {[%emt 0:00:08]} 32. Rxd5 {[%emt 0:00:00]} Ra8 {[%emt 0:00:13]} 33. Rd2 {[%emt 0:00:04]} Raa2 {[%emt 0:00:22]} 34. Rxc2 {[%emt 0:00:10]} Rxc2 {[%emt 0:00:01]} 35. g4 {[%emt 0:00:01]} fxg4+ 36. Kxg4 {[%emt 0:00:01]} Rxh2 {[%emt 0:00:15]} 37. e4 {[%emt 0:00:04]} Rh1 {[%emt 0:00:12]} 38. e5 {[%emt 0:00:03]} Kf7 {[%emt 0:00:05]} 39. Ra1 {[%emt 0:00:16]} Bf8 {[%emt 0:00:13]} 40. Ra7+ {[%emt 0:00:04]} Ke6 {[%emt 0:00:01]} 41. Be3 {[%emt 0:00:04]} h5+ {[%emt 0:00:02]} 42. Kf3 h4 {[%emt 0:00:11]} 43. Rb7 {[%emt 0:00:02]} h3 {[%emt 0:00:10]} 44. Rxb6+ {[%emt 0:00:01]} Kd5 {[%emt 0:00:01]} 45. Rxg6 {[%emt 0:00:09]} h2 {[%emt 0:00:04]} 46. Kg2 {[%emt 0:00:12]} Re1 {[%emt 0:00:01]} 47. Kxh2 {[%emt 0:00:01]} Rxe3 {[%emt 0:00:02]} 48. Rf6 {[%emt 0:00:05]} Be7 {[%emt 0:00:01]} 49. Rf7 {[%emt 0:00:09]} Ke6 {[%emt 0:00:01]} 50. Rh7 {[%emt 0:00:02]} Bd8 {[%emt 0:00:12]} 51. b6 {[%emt 0:00:01]} Rb3 {[%emt 0:00:12]} 52. b7 {[%emt 0:00:04]} c4 {[%emt 0:00:07]} 53. Rh6+ {[%emt 0:00:01]} Kf5 {[%emt 0:00:03]} 54. Rd6 {[%emt 0:00:03]} Bc7 {[%emt 0:00:08]} 55. Rf6+ {[%emt 0:00:01]} Ke4 {[%emt 0:00:07]} 56. Rc6 {[%emt 0:00:03]} Rxb7 {[%emt 0:00:05]} 57. Rxc4+ {[%emt 0:00:02]} Kf5 {[%emt 0:00:02]} 58. Kg2 {[%emt 0:00:20]} Rb2+ {[%emt 0:00:01]} 59. Kf3 {[%emt 0:00:01]} Rb3+ {[%emt 0:00:01]} 60. Ke2 {[%emt 0:00:02]} Bb6 {[%emt 0:00:02]} 61. e6 {[%emt 0:00:05]} Re3+ {[%emt 0:00:01]} 62. Kd2 {[%emt 0:00:00]} Rxe6 {[%emt 0:00:02]} 63. Kc2 {[%emt 0:00:02]} Be3 {[%emt 0:00:04]} 64. Rc8 {[%emt 0:00:03]} Bxf4 {[%emt 0:00:03]} 65. Kd3 {[%emt 0:00:07]} Rd6+ {[%emt 0:00:02]} 66. Kc4 {[%emt 0:00:00]} Ke4 {[%emt 0:00:03]} 67. Kb5 {[%emt 0:00:01]} Be5 {[%emt 0:00:08]} 68. Rc1 {[%emt 0:00:06]} Kd5 {[%emt 0:00:02]} 69. Rd1+ {[%emt 0:00:02]} Bd4 {[%emt 0:00:01]} 70. Rc1 {[%emt 0:00:01]} Rb6+ {[%emt 0:00:01]} 71. Ka5 {[%emt 0:00:03]} Rb8 {[%emt 0:00:03]} 72. Rc2 {[%emt 0:00:05]} Rb1 {[%emt 0:00:08]} 73. Rc8 {[%emt 0:00:07]} Bc5 {[%emt 0:00:07]} 74. Rh8 {[%emt 0:00:04]} Kc6 {[%emt 0:00:05]} 75. Rc8+ {[%emt 0:00:13]} Kd5 {[%emt 0:00:06]} 76. Rh8 {[%emt 0:00:02]} Kc4 {[%emt 0:00:03]} 77. Rh4+ {[%emt 0:00:15]} Bd4 {[%emt 0:00:01]} 78. Ka6 {[%emt 0:00:06]} Rb6+ {[%emt 0:00:18]} 79. Ka5 {[%emt 0:00:00]} Rb8 {[%emt 0:00:18]} 80. Ka6 {[%emt 0:00:24]} Rb6+ {[%emt 0:00:01]} 81. Ka5 {[%emt 0:00:01]} Rb7 {[%emt 0:00:01]} 82. Rh6 {[%emt 0:00:01]} Kd5 {[%emt 0:00:20]} 83. Rh5+ {[%emt 0:00:07]} Be5 {[%emt 0:00:06]} 84. Rh1 {[%emt 0:00:08]} Bd6 {[%emt 0:00:05]} 85. Rc1 {[%emt 0:00:15]} Bc5 {[%emt 0:00:13]} 86. Rh1 {[%emt 0:00:04]} Rb2 {[%emt 0:00:01]} 87. Rh5+ {[%emt 0:00:03]} Kc6 {[%emt 0:00:02]} 88. Rh6+ {[%emt 0:00:05]} Bd6 {[%emt 0:00:00]} 89. Ka4 {[%emt 0:00:11]} Rb4+ {[%emt 0:00:02]} 90. Ka5 {[%emt 0:00:01]} Rg4 {[%emt 0:00:08]} 91. Rh5 {[%emt 0:00:11]} Rg3 {[%emt 0:00:01]} 92. Rh4 {[%emt 0:00:04]} Ra3+ {[%emt 0:00:06]} 93. Ra4 {[%emt 0:00:01]} Rh3 {[%emt 0:00:03]} 94. Rg4 {[%emt 0:00:06]} Rh8 {[%emt 0:00:00]} 95. Ka4 {[%emt 0:00:04]} Rh3 {[%emt 0:00:00]} 96. Ka5 {[%emt 0:00:06]} Be5 {[%emt 0:00:00]} 97. Rc4+ {[%emt 0:00:07]} Kd5 {[%emt 0:00:00]} 98. Rc1 {[%emt 0:00:06]} Rb3 {[%emt 0:00:00]} 99. Ka4 {[%emt 0:00:04]} Rb7 {[%emt 0:00:00]} 100. Rc8 {[%emt 0:00:01]} Bd4 {[%emt 0:00:00]} 101. Ka3 {[%emt 0:00:12]} Rh7 {[%emt 0:00:00]} 102. Rd8+ {[%emt 0:00:04]} Kc4 {[%emt 0:00:00]} 103. Rc8+ {[%emt 0:00:01]} Bc5+ {[%emt 0:00:00]} 104. Kb2 {[%emt 0:00:01]} Rh2+ {[%emt 0:00:00]} 105. Kc1 {[%emt 0:00:09]} Rg2 {[%emt 0:00:00]} 106. Rc7 {[%emt 0:00:07]} Kd4 {[%emt 0:00:01]} 107. Rh7 {[%emt 0:00:06]} Kd3 {[%emt 0:00:11]} 108. Kb1 {[%emt 0:00:08]} Rg1+ {[%emt 0:00:22]} 109. Ka2 {[%emt 0:00:04]} Bd4 {[%emt 0:00:01]} 110. Rh3+ {[%emt 0:00:05]} Kc4 {[%emt 0:00:08]} 0-1

[Event "British KO-ch Pre 2019"]
[Site "London"]
[Date "2019.11.30"]
[Round "2.8"]
[White "Wadsworth, Matthew J"]
[Black "Kalaiyalahan, Akshaya"]
[Result "1-0"]
[WhiteElo "2401"]
[BlackElo "2154"]
[Annotator "NA RC"]
[PlyCount "74"]
[EventDate "2019.11.30"]
[EventType "k.o."]
[EventCountry "ENG"]
[SourceTitle "playchess.com"]
[Source "ChessBase"]
[SourceQuality "1"]
[TimeControl "600+5"]

1. Nf3 {[%emt 0:00:00]} Nf6 {[%emt 0:00:00]} 2. g3 {[%emt 0:00:00]} g6 {[%emt 0:00:00]} 3. Bg2 {[%emt 0:00:02]} Bg7 {[%emt 0:00:00]} 4. c4 {[%emt 0:00:02]} O-O {[%emt 0:00:03]} 5. O-O {[%emt 0:00:02]} d6 {[%emt 0:00:01]} 6. Nc3 {[%emt 0:00:02]} Nc6 {[%emt 0:00:01]} 7. Rb1 {[%emt 0:00:02]} a5 {[%emt 0:00:05]} 8. d3 {[%emt 0:00:02]} e5 {[%emt 0:00:09]} 9. a3 {[%emt 0:00:01]} Re8 {[%emt 0:00:20]} 10. Bg5 {[%emt 0:00:39]} h6 {[%emt 0:02:34]} 11. Bxf6 {[%emt 0:00:02]} Bxf6 {[%emt 0:00:02]} 12. b4 {[%emt 0:00:15]} axb4 {[%emt 0:00:09]} 13. axb4 {[%emt 0:00:02]} Bg7 {[%emt 0:00:22]} 14. b5 {[%emt 0:01:27]} Nd4 {[%emt 0:00:30]} 15. e3 {[%emt 0:00:13]} Ne6 {[%emt 0:01:53]} 16. Nd2 {[%emt 0:01:14]} Nc5 {[%emt 0:00:43]} 17. Nb3 {[%emt 0:00:09]} Nxb3 {[%emt 0:00:34]} 18. Qxb3 {[%emt 0:00:03]} Bd7 {[%emt 0:00:41]} 19. Bxb7 {[%emt 0:00:13]} Rb8 {[%emt 0:00:01]} 20. Bg2 {[%emt 0:00:12]} Kh7 {[%emt 0:01:02]} 21. Qc2 {[%emt 0:00:15]} f5 {[%emt 0:00:07]} 22. Nd5 {[%emt 0:00:14]} Rf8 {[%emt 0:00:24]} 23. f4 {[%emt 0:00:29]} exf4 {[%emt 0:00:12]} 24. Nxf4 {[%emt 0:00:10]} Re8 {[%emt 0:00:34]} 25. Rbe1 {[%emt 0:00:23]} h5 {[%emt 0:00:15]} 26. h4 {[%emt 0:00:26]} Qc8 {[%emt 0:00:22]} 27. Qa4 {[%emt 0:01:30]} Qd8 {[%emt 0:00:41]} 28. Kh2 {[%emt 0:00:18]} Kh6 {[%emt 0:00:20]} 29. Nh3 {[%emt 0:00:23]} Bf6 {[%emt 0:00:09]} 30. Qc2 {[%emt 0:00:33]} Qc8 {[%emt 0:00:07]} 31. e4 {[%emt 0:00:33]} Be5 {[%emt 0:00:06]} 32. d4 {[%emt 0:00:11]} Bh8 {[%emt 0:00:07]} 33. Qd2+ {[%emt 0:00:05]} Kh7 {[%emt 0:00:02]} 34. Ng5+ {[%emt 0:00:08]} Kg8 {[%emt 0:00:01]} 35. e5 {[%emt 0:00:09]} dxe5 {[%emt 0:00:09]} 36. dxe5 {[%emt 0:00:02]} Bxe5 {[%emt 0:00:05]} 37. Qd5+ {[%emt 0:00:06]} Be6 {[%emt 0:00:10]} 1-0

[Event "British KO-ch Pre 2019"]
[Site "London"]
[Date "2019.11.30"]
[Round "3.1"]
[White "Haria, Ravi"]
[Black "Horton, Andrew P"]
[Result "0-1"]
[WhiteElo "2451"]
[BlackElo "2378"]
[Annotator "ChessBase"]
[PlyCount "180"]
[EventDate "2019.11.30"]
[EventType "k.o."]
[EventCountry "ENG"]
[SourceTitle "playchess.com"]
[Source "ChessBase"]
[SourceQuality "1"]
[TimeControl "600+5"]

1. Nf3 {[%emt 0:00:00]} Nf6 {[%emt 0:00:00]} 2. g3 {[%emt 0:00:00]} g6 {[%emt 0:00:03]} 3. Bg2 {[%emt 0:00:00]} c5 {[%emt 0:00:10]} 4. O-O {[%emt 0:00:04]} Bg7 {[%emt 0:00:03]} 5. c3 {[%emt 0:00:01]} d5 {[%emt 0:01:42]} 6. d4 {[%emt 0:00:01]} cxd4 {[%emt 0:00:02]} 7. cxd4 {[%emt 0:00:02]} O-O {[%emt 0:01:28]} 8. Nc3 {[%emt 0:00:01]} Nc6 {[%emt 0:00:55]} 9. Ne5 {[%emt 0:00:01]} e6 {[%emt 0:00:58]} 10. Nxc6 {[%emt 0:00:03]} bxc6 {[%emt 0:00:00]} 11. Bf4 {[%emt 0:00:01]} Nd7 {[%emt 0:00:16]} 12. Na4 {[%emt 0:01:16]} e5 {[%emt 0:00:17]} 13. dxe5 {[%emt 0:00:17]} Nxe5 {[%emt 0:00:02]} 14. Rc1 {[%emt 0:00:38]} Bd7 {[%emt 0:00:53]} 15. b3 {[%emt 0:00:21]} Rc8 {[%emt 0:00:08]} 16. Qd2 {[%emt 0:00:14]} Qe7 {[%emt 0:00:39]} 17. Be3 {[%emt 0:00:21]} Rfe8 {[%emt 0:00:36]} 18. Bxa7 {[%emt 0:00:34]} Ra8 {[%emt 0:00:20]} 19. Bc5 {[%emt 0:00:40]} Qd8 {[%emt 0:00:11]} 20. Nb6 {[%emt 0:00:29]} Ra6 {[%emt 0:00:09]} 21. Nxd7 {[%emt 0:00:46]} Nxd7 {[%emt 0:00:08]} 22. Be3 {[%emt 0:00:47]} Qa8 {[%emt 0:00:03]} 23. Rc2 {[%emt 0:00:15]} Nf6 {[%emt 0:00:17]} 24. Bd4 {[%emt 0:00:27]} Ne4 {[%emt 0:00:41]} 25. Bxe4 {[%emt 0:00:28]} Bxd4 {[%emt 0:00:10]} 26. Qxd4 {[%emt 0:01:21]} Rxe4 {[%emt 0:00:03]} 27. Qd2 {[%emt 0:00:16]} c5 {[%emt 0:01:03]} 28. Rd1 {[%emt 0:00:52]} Rd4 {[%emt 0:00:10]} 29. Qe1 {[%emt 0:00:47]} Rxd1 {[%emt 0:00:11]} 30. Qxd1 {[%emt 0:00:03]} Rxa2 {[%emt 0:00:11]} 31. Rxc5 {[%emt 0:00:24]} Ra1 {[%emt 0:00:29]} 32. Rc1 {[%emt 0:00:11]} Rxc1 {[%emt 0:00:12]} 33. Qxc1 {[%emt 0:00:01]} Qa2 {[%emt 0:00:03]} 34. Qc8+ {[%emt 0:00:07]} Kg7 {[%emt 0:00:02]} 35. Qc3+ {[%emt 0:00:01]} Kg8 {[%emt 0:00:01]} 36. Qd3 {[%emt 0:00:17]} d4 {[%emt 0:00:07]} 37. Kg2 {[%emt 0:00:04]} Qa8+ {[%emt 0:00:05]} 38. Qf3 {[%emt 0:00:03]} Qa3 {[%emt 0:00:07]} 39. Qd5 {[%emt 0:00:03]} Qb2 {[%emt 0:00:05]} 40. Qc4 {[%emt 0:00:04]} h5 {[%emt 0:00:07]} 41. h4 {[%emt 0:00:03]} Kg7 {[%emt 0:00:05]} 42. Kf3 {[%emt 0:00:16]} Kg8 {[%emt 0:00:09]} 43. Ke4 {[%emt 0:00:18]} Kf8 {[%emt 0:00:06]} 44. b4 {[%emt 0:00:14]} d3 {[%emt 0:00:06]} 45. Kxd3 {[%emt 0:00:15]} Kg8 {[%emt 0:00:01]} 46. Qc8+ {[%emt 0:00:02]} Kh7 {[%emt 0:00:02]} 47. Qc3 {[%emt 0:00:04]} Qb1+ {[%emt 0:00:02]} 48. Ke3 {[%emt 0:00:10]} Qf5 {[%emt 0:00:01]} 49. Qc4 {[%emt 0:00:11]} Qe5+ {[%emt 0:00:20]} 50. Kf3 {[%emt 0:00:05]} Qf5+ {[%emt 0:00:02]} 51. Qf4 {[%emt 0:00:02]} Qd5+ {[%emt 0:00:02]} 52. Qe4 {[%emt 0:00:07]} Qb3+ {[%emt 0:00:02]} 53. Kg2 {[%emt 0:00:01]} Kg8 {[%emt 0:00:02]} 54. Qd4 {[%emt 0:00:04]} Qb1 {[%emt 0:00:04]} 55. f3 {[%emt 0:00:13]} Qe1 {[%emt 0:00:04]} 56. Qc4 {[%emt 0:00:03]} Qb1 {[%emt 0:00:16]} 57. b5 {[%emt 0:00:02]} Qb2 {[%emt 0:00:03]} 58. Kf2 {[%emt 0:00:03]} Qb1 {[%emt 0:00:03]} 59. Qc5 {[%emt 0:00:03]} Kh7 {[%emt 0:00:04]} 60. b6 {[%emt 0:00:01]} Qb2 {[%emt 0:00:03]} 61. Qc7 {[%emt 0:00:10]} Qd4+ {[%emt 0:00:01]} 62. Kg2 {[%emt 0:00:02]} Qe3 {[%emt 0:00:05]} 63. Qxf7+ {[%emt 0:00:16]} Kh8 {[%emt 0:00:03]} 64. Qf6+ {[%emt 0:00:02]} Kh7 {[%emt 0:00:02]} 65. Qf7+ {[%emt 0:00:09]} Kh8 {[%emt 0:00:00]} 66. Qf8+ {[%emt 0:00:04]} Kh7 {[%emt 0:00:01]} 67. Kf1 {[%emt 0:00:07]} Qxb6 {[%emt 0:00:06]} 68. Qf7+ {[%emt 0:00:03]} Kh8 {[%emt 0:00:01]} 69. Qf8+ {[%emt 0:00:00]} Kh7 {[%emt 0:00:00]} 70. Qf7+ {[%emt 0:00:02]} Kh8 {[%emt 0:00:01]} 71. Qc4 {[%emt 0:00:10]} Qe3 {[%emt 0:00:05]} 72. Qd3 {[%emt 0:00:01]} Qe6 {[%emt 0:00:04]} 73. Kf2 {[%emt 0:00:03]} Kh7 {[%emt 0:00:01]} 74. e4 {[%emt 0:00:06]} Qh3 {[%emt 0:00:04]} 75. Qd6 {[%emt 0:00:02]} Qh2+ {[%emt 0:00:03]} 76. Ke3 {[%emt 0:00:03]} Qg1+ {[%emt 0:00:03]} 77. Kf4 {[%emt 0:00:19]} Qc1+ {[%emt 0:00:02]} 78. Ke5 {[%emt 0:00:05]} Qc3+ {[%emt 0:00:04]} 79. Kf4 {[%emt 0:00:03]} Qc1+ {[%emt 0:00:01]} 80. Ke5 {[%emt 0:00:02]} Qc3+ {[%emt 0:00:02]} 81. Ke6 {[%emt 0:00:07]} Qxf3 {[%emt 0:00:06]} 82. Qc7+ {[%emt 0:00:06]} Kg8 {[%emt 0:00:04]} 83. Qd8+ {[%emt 0:00:03]} Kg7 {[%emt 0:00:07]} 84. Qd4+ {[%emt 0:00:08]} Kg8 {[%emt 0:00:02]} 85. Qd8+ {[%emt 0:00:05]} Kg7 {[%emt 0:00:02]} 86. Qe7+ {[%emt 0:00:02]} Kg8 {[%emt 0:00:01]} 87. Qg5 {[%emt 0:00:09]} Qxe4+ {[%emt 0:00:08]} 88. Kf6 {[%emt 0:00:02]} Qc6+ {[%emt 0:00:22]} 89. Ke5 {[%emt 0:00:07]} Qc5+ {[%emt 0:00:04]} 90. Kf6 {[%emt 0:00:03]} Qd6# 0-1

[Event "British KO-ch Pre 2019"]
[Site "London"]
[Date "2019.11.30"]
[Round "3.2"]
[White "Harvey, Marcus R"]
[Black "Merry, Alan B"]
[Result "1-0"]
[WhiteElo "2405"]
[BlackElo "2426"]
[Annotator "NA"]
[PlyCount "73"]
[EventDate "2019.11.30"]
[EventType "k.o."]
[EventCountry "ENG"]
[SourceTitle "playchess.com"]
[Source "ChessBase"]
[SourceQuality "1"]
[TimeControl "600+5"]

1. Nf3 {[%emt 0:00:00]} b6 {[%emt 0:00:00]} 2. b3 {[%emt 0:00:00]} Bb7 {[%emt 0:00:00]} 3. Bb2 {[%emt 0:00:00]} Nf6 {[%emt 0:00:00]} 4. e3 {[%emt 0:00:00]} g6 {[%emt 0:00:00]} 5. Be2 {[%emt 0:00:01]} Bg7 {[%emt 0:00:01]} 6. O-O {[%emt 0:00:02]} O-O {[%emt 0:00:02]} 7. c4 {[%emt 0:00:00]} c5 {[%emt 0:00:04]} 8. d4 {[%emt 0:00:01]} cxd4 {[%emt 0:00:05]} 9. Nxd4 {[%emt 0:00:02]} d6 {[%emt 0:00:03]} 10. Bf3 {[%emt 0:00:05]} Qc7 {[%emt 0:00:32]} 11. Nc3 {[%emt 0:00:05]} a6 {[%emt 0:00:17]} 12. Nd5 {[%emt 0:00:17]} Nxd5 {[%emt 0:00:14]} 13. cxd5 {[%emt 0:00:01]} Nd7 {[%emt 0:00:17]} 14. Rc1 {[%emt 0:00:00]} Qd8 {[%emt 0:00:47]} 15. Nc6 {[%emt 0:00:01]} Bxc6 {[%emt 0:00:34]} 16. Bxg7 {[%emt 0:00:03]} Kxg7 {[%emt 0:00:29]} 17. dxc6 {[%emt 0:00:02]} Ne5 {[%emt 0:00:04]} 18. c7 {[%emt 0:00:20]} Nxf3+ {[%emt 0:00:03]} 19. Qxf3 {[%emt 0:00:17]} Qc8 {[%emt 0:00:59]} 20. Qe4 {[%emt 0:00:11]} e5 {[%emt 0:01:16]} 21. Rfd1 {[%emt 0:00:29]} Qe6 {[%emt 0:02:06]} 22. Rc6 {[%emt 0:00:32]} Rac8 {[%emt 0:00:42]} 23. Rcxd6 {[%emt 0:00:58]} Qe7 {[%emt 0:00:06]} 24. Rd7 {[%emt 0:00:21]} Qc5 {[%emt 0:00:26]} 25. Qb7 {[%emt 0:00:12]} a5 {[%emt 0:00:23]} 26. h3 {[%emt 0:00:04]} Qc2 {[%emt 0:00:24]} 27. R1d2 {[%emt 0:00:19]} Qc5 {[%emt 0:00:12]} 28. Kh2 {[%emt 0:00:57]} h5 {[%emt 0:00:04]} 29. R2d6 {[%emt 0:00:40]} Qc2 {[%emt 0:00:33]} 30. Qxb6 {[%emt 0:00:02]} Qxf2 {[%emt 0:00:04]} 31. Rxg6+ {[%emt 0:00:02]} Kh7 {[%emt 0:00:10]} 32. Rh6+ {[%emt 0:00:03]} Kg8 {[%emt 0:00:01]} 33. Qd6 {[%emt 0:00:41]} Qxe3 {[%emt 0:00:18]} 34. Qf6 {[%emt 0:00:02]} Qf4+ {[%emt 0:00:16]} 35. Qxf4 {[%emt 0:00:01]} exf4 {[%emt 0:00:01]} 36. Rxh5 {[%emt 0:00:02]} Rfe8 {[%emt 0:00:03]} 37. Rxa5 {[%emt 0:00:04]} 1-0

[Event "British KO-ch Pre 2019"]
[Site "London"]
[Date "2019.11.30"]
[Round "3.3"]
[White "Golding, Alex"]
[Black "Fernandez, Daniel Howard"]
[Result "0-1"]
[WhiteElo "2306"]
[BlackElo "2444"]
[Annotator "NA"]
[PlyCount "92"]
[EventDate "2019.11.30"]
[EventType "k.o."]
[EventCountry "ENG"]
[SourceTitle "playchess.com"]
[Source "ChessBase"]
[SourceQuality "1"]
[TimeControl "600+5"]

1. e4 {[%emt 0:00:04]} c5 {[%emt 0:00:01]} 2. c4 {[%emt 0:00:02]} g6 {[%emt 0:00:07]} 3. Nc3 {[%emt 0:00:01]} d6 {[%emt 0:00:10]} 4. Nge2 {[%emt 0:00:01]} Bh6 {[%emt 0:00:04]} 5. g3 {[%emt 0:00:26]} e5 {[%emt 0:00:06]} 6. Bg2 {[%emt 0:00:05]} Nc6 {[%emt 0:00:02]} 7. Nd5 {[%emt 0:00:23]} Nge7 {[%emt 0:00:20]} 8. d3 {[%emt 0:00:49]} Bxc1 {[%emt 0:00:04]} 9. Qxc1 {[%emt 0:00:04]} Nxd5 {[%emt 0:00:06]} 10. cxd5 {[%emt 0:00:07]} Nb4 {[%emt 0:00:48]} 11. Qc3 {[%emt 0:00:14]} Qe7 {[%emt 0:00:06]} 12. O-O {[%emt 0:00:13]} O-O {[%emt 0:00:04]} 13. a3 {[%emt 0:00:26]} Na6 {[%emt 0:00:03]} 14. f4 {[%emt 0:00:13]} Bg4 {[%emt 0:00:05]} 15. Bf3 {[%emt 0:00:04]} Bxf3 {[%emt 0:00:19]} 16. Rxf3 {[%emt 0:00:02]} f5 {[%emt 0:00:01]} 17. fxe5 {[%emt 0:00:07]} Qxe5 {[%emt 0:00:13]} 18. Qxe5 {[%emt 0:00:02]} dxe5 {[%emt 0:00:02]} 19. Nc3 {[%emt 0:00:20]} fxe4 {[%emt 0:00:38]} 20. Rxf8+ {[%emt 0:00:02]} Kxf8 {[%emt 0:00:15]} 21. dxe4 {[%emt 0:00:02]} Nc7 {[%emt 0:00:05]} 22. Rd1 {[%emt 0:01:35]} Ne8 {[%emt 0:00:04]} 23. Kf2 {[%emt 0:00:18]} Nd6 {[%emt 0:00:03]} 24. Ke2 {[%emt 0:00:44]} Ke7 {[%emt 0:00:02]} 25. Rf1 {[%emt 0:00:03]} b5 {[%emt 0:00:04]} 26. Kd3 {[%emt 0:00:12]} a5 {[%emt 0:00:08]} 27. Ra1 {[%emt 0:00:50]} Rf8 {[%emt 0:00:08]} 28. Ke2 {[%emt 0:00:34]} g5 {[%emt 0:00:26]} 29. h3 {[%emt 0:00:23]} h5 {[%emt 0:00:03]} 30. b4 {[%emt 0:02:22]} cxb4 {[%emt 0:01:19]} 31. axb4 {[%emt 0:00:03]} a4 {[%emt 0:00:02]} 32. g4 {[%emt 0:00:45]} hxg4 {[%emt 0:00:06]} 33. hxg4 {[%emt 0:00:03]} Rc8 {[%emt 0:00:40]} 34. Kd3 {[%emt 0:00:14]} Rh8 {[%emt 0:00:02]} 35. Nxb5 {[%emt 0:00:35]} Rh3+ {[%emt 0:00:04]} 36. Kd2 {[%emt 0:00:01]} Nxb5 {[%emt 0:01:05]} 37. Rxa4 {[%emt 0:00:01]} Ra3 {[%emt 0:00:02]} 38. Rxa3 {[%emt 0:00:20]} Nxa3 {[%emt 0:00:04]} 39. Kc3 {[%emt 0:00:04]} Kd7 {[%emt 0:00:04]} 40. Kb3 {[%emt 0:00:04]} Nb5 {[%emt 0:00:02]} 41. Ka4 {[%emt 0:00:15]} Nc3+ {[%emt 0:00:12]} 42. Ka5 {[%emt 0:00:02]} Nxe4 {[%emt 0:00:27]} 43. b5 {[%emt 0:00:01]} Nd6 {[%emt 0:00:04]} 44. b6 {[%emt 0:00:05]} Nc4+ {[%emt 0:00:05]} 45. Kb5 {[%emt 0:00:06]} Nxb6 {[%emt 0:00:03]} 46. Kc5 {[%emt 0:00:02]} Nc8 {[%emt 0:00:18]} 0-1